| 000 | 00458nam a22001577a 4500 | ||
|---|---|---|---|
| 003 | SISC | ||
| 005 | 20160223081900.0 | ||
| 008 | 140224t xxu||||| |||| 00| 0 eng d | ||
| 050 |
_aQA 371.5.D37 _b.Z56 1995 |
||
| 100 |
_aZill, Dennis _930565 |
||
| 245 |
_aManual for differential equations with computer lab experiments / _cDennis G. Zill. |
||
| 260 |
_aBoston : _bPWS Pub. Co., _cc1995. |
||
| 300 |
_a184 p. : _c25 cm. |
||
| 942 |
_2lcc _cBK |
||
| 999 |
_c42327 _d42327 |
||